[Event "European Individual Championship (Women)"]
[Site "Mamaia ROU"]
[Date "2016.06.05"]
[EventDate "2016.05.27"]
[Round "9.43"]
[Result "1-0"]
[White "Irina Utiatskaja"]
[Black "Elitsa Raeva"]
[WhiteElo "2181"]
[BlackElo "2254"]
[PlyCount "126"]

1. d4 Nf6 2. c4 e6 3. g3 d5 4. Bg2 Be7 5. Nf3 O-O 6. O-O b6
7. Qc2 Bb7 8. Ne5 c5 9. dxc5 bxc5 10. cxd5 exd5 11. b3 a5
12. Nc3 Na6 13. a3 Rb8 14. Na4 Re8 15. Rd1 Bd6 16. Nd3 Rc8
17. Nf4 Bc6 18. Nxd5 Be5 19. Nxf6+ Qxf6 20. Bb2 Bxa4 21. Bxe5
Bxb3 22. Bxf6 Bxc2 23. Rd2 Bb3 24. Bc3 c4 25. Bb7 Nc5 26. Bxc8
Rxc8 27. f3 a4 28. Kf2 h6 29. g4 Ne6 30. Rc1 Nc7 31. Bb4 Na6
32. Ba5 Nc7 33. Bxc7 Rxc7 34. Rc3 Kh7 35. e4 f6 36. Ke3 Kg6
37. Rd5 Rb7 38. h4 Ba2 39. h5+ Kh7 40. Rd2 Bb3 41. Rd5 Ba2
42. Ra5 Bb3 43. Kd4 Rd7+ 44. Rd5 Rc7 45. f4 Re7 46. e5 fxe5+
47. fxe5 Bd1 48. Rg3 g6 49. Rd6 gxh5 50. gxh5 Bxh5 51. e6 Be8
52. Kxc4 h5 53. Kd5 Kh6 54. Rd8 h4 55. Re3 Bg6 56. Kd6 Re8
57. Rxe8 Bxe8 58. Ke7 Bc6 59. Kf8 Kg5 60. e7 Kf4 61. Rc3 Bb5
62. e8=Q Bxe8 63. Kxe8 Ke4 1-0

[Event "European Individual Championship (Women)"]
[Site "Mamaia ROU"]
[Date "2016.06.05"]
[EventDate "2016.05.27"]
[Round "9.49"]
[Result "0-1"]
[White "Andreea-Marioara Cosman"]
[Black "Narmin Khalafova"]
[WhiteElo "2101"]
[BlackElo "2193"]
[PlyCount "90"]

1. d4 Nf6 2. c4 e6 3. Nc3 Bb4 4. e3 O-O 5. Ne2 Re8 6. a3 Bf8
7. g3 d5 8. cxd5 exd5 9. b4 c6 10. Bg2 Nbd7 11. O-O Nb6
12. Qd3 g6 13. f3 Nh5 14. g4 Ng7 15. Ng3 Be6 16. Ra2 Qh4
17. Raf2 Bd6 18. Nce2 f5 19. gxf5 Nxf5 20. f4 Nh6 21. Bf3 Bh3
22. Re1 Ng4 23. Bxg4 Bxg4 24. e4 dxe4 25. Nxe4 Rad8 26. N2g3
Nd5 27. f5 gxf5 28. Bg5 fxe4 29. Nxe4 Qxg5 30. Nxg5 Rxe1+
31. Rf1 Rxf1+ 32. Qxf1 Rf8 33. Qd3 Bf5 34. Qe2 Bf4 35. h4 h6
36. Nf3 Be3+ 37. Kh2 Be4 38. Qg2+ Kh8 39. Qg4 Bxf3 40. Qe6
Bf4+ 41. Kg1 Bh5 42. Kf1 Bd2+ 43. Kg1 Be3+ 44. Kh2 Rf2+
45. Kg3 Rg2+ 0-1

[Event "European Individual Championship (Women)"]
[Site "Mamaia ROU"]
[Date "2016.06.05"]
[EventDate "2016.05.27"]
[Round "9.54"]
[Result "0-1"]
[White "Alisa Surovtseva"]
[Black "Andra Cimpean"]
[WhiteElo "1574"]
[BlackElo "1794"]
[PlyCount "178"]

1. e4 d5 2. exd5 Qxd5 3. Nc3 Qd6 4. d4 c6 5. Ne4 Qe6 6. Qe2
Nf6 7. f3 Qd5 8. c3 Bf5 9. Ng3 g6 10. Nxf5 gxf5 11. g3 Nbd7
12. Bh3 e6 13. Be3 Nb6 14. Bf1 h5 15. Bf4 Nfd7 16. Qc2 Be7
17. Qb3 Qa5 18. O-O-O O-O-O 19. Bg2 Nd5 20. Bd2 Qc7 21. c4
N5f6 22. Nh3 Nb8 23. Bc3 Rhg8 24. Be1 h4 25. Rg1 Nh5 26. f4
Bf6 27. Bf2 Na6 28. Bf3 hxg3 29. hxg3 Rh8 30. Ng5 Bxg5
31. fxg5 Qe7 32. Be3 Qb4 33. Qxb4 Nxb4 34. a3 Na6 35. Bxh5
Rxh5 36. g4 Rh3 37. Bf4 Rh4 38. g6 Rxg4 39. Rxg4 fxg4 40. gxf7
Rf8 41. Rg1 Rxf7 42. Be5 c5 43. Rxg4 cxd4 44. Bxd4 b6 45. Kd2
Kd7 46. Ke3 Kc6 47. b4 Nc7 48. Be5 Ne8 49. Rg8 Nd6 50. Bxd6
Kxd6 51. a4 Rh7 52. a5 bxa5 53. bxa5 Rh5 54. Kd4 Rxa5 55. c5+
Rxc5 56. Rd8+ Kc7 57. Ra8 Rd5+ 58. Kc4 a5 59. Re8 Kd6 60. Rh8
Rc5+ 61. Kd4 e5+ 62. Kd3 Rd5+ 63. Kc3 Rd4 64. Ra8 a4 65. Rd8+
Kc5 66. Rc8+ Kd5 67. Rd8+ Ke4 68. Re8 Rd3+ 69. Kc2 Rf3 70. Ra8
a3 71. Re8 Rf2+ 72. Kb1 Kf4 73. Ra8 Rf3 74. Rf8+ Ke3 75. Ra8
Ke2 76. Re8 Re3 77. Kc2 e4 78. Kb1 Kf2 79. Rf8+ Rf3 80. Re8 e3
81. Kc2 a2 82. Kb2 e2 83. Ka1 e1=Q+ 84. Rxe1 Kxe1 85. Kxa2 Kd2
86. Kb2 Rg3 87. Kb1 Rb3+ 88. Ka2 Kc2 89. Ka1 Ra3# 0-1

[Event "European Individual Championship (Women)"]
[Site "Mamaia ROU"]
[Date "2016.06.05"]
[EventDate "2016.05.27"]
[Round "9.9"]
[Result "1/2-1/2"]
[White "Aleksandra Goryachkina"]
[Black "Sopiko Khukhashvili"]
[WhiteElo "2485"]
[BlackElo "2355"]
[PlyCount "181"]

1. d4 Nf6 2. c4 e6 3. g3 Bb4+ 4. Bd2 Qe7 5. Nf3 O-O 6. Bg2
Bxd2+ 7. Qxd2 d5 8. O-O c6 9. Qc2 b6 10. Nbd2 Ba6 11. Rfe1 Rc8
12. e4 Nbd7 13. b3 h6 14. e5 Ne8 15. a4 Nc7 16. a5 c5 17. Qb2
Rab8 18. axb6 Rxb6 19. Qa3 Kf8 20. cxd5 Nxd5 21. Nc4 Bxc4
22. bxc4 Nb4 23. Qxa7 Nc6 24. Qa2 cxd4 25. Rad1 Qc5 26. Qe2
Rb4 27. Bf1 g6 28. Qe4 Kg7 29. h4 h5 30. Qf4 Rf8 31. Qg5 Rb3
32. Rd3 Rc3 33. Rxc3 dxc3 34. Qe3 Qxe3 35. Rxe3 c2 36. Rc3 Nb4
37. Nd4 Nxe5 38. Kg2 Rc8 39. c5 Ned3 40. Nxc2 Nxc2 41. Bxd3
Ne1+ 42. Kf1 Nxd3 43. Rxd3 Rxc5 44. Rd7 Kf6 45. Ke2 Rd5
46. Ra7 e5 47. Ke3 Ke6 48. Rb7 Rd7 49. Rb5 Ra7 50. Rc5 f6
51. Rc8 Ra3+ 52. Ke2 Kf5 53. Rf8 Ra6 54. Rg8 Ra4 55. Rf8 e4
56. Rf7 Ra6 57. Ke3 Re6 58. f3 exf3+ 59. Kxf3 Ra6 60. Rg7 Ra3+
61. Kg2 Ra4 62. Rg8 Rg4 63. Kf3 Ra4 64. Rg7 Ra3+ 65. Kg2 g5
66. hxg5 fxg5 67. Rb7 Ra2+ 68. Kf3 g4+ 69. Ke3 Ra3+ 70. Kf2
Ra5 71. Rb2 Rc5 72. Ra2 Rd5 73. Rb2 Ke4 74. Re2+ Kd3 75. Re3+
Kd4 76. Re8 Rf5+ 77. Kg2 Re5 78. Rh8 Re2+ 79. Kf1 Re5 80. Kf2
Ke4 81. Rh7 Rf5+ 82. Kg2 Ra5 83. Re7+ Kf5 84. Rf7+ Kg6 85. Rf2
Rf5 86. Ra2 Kg5 87. Ra8 Rb5 88. Kf2 Kf5 89. Rf8+ Ke4 90. Re8+
Re5 91. Rh8 1/2-1/2

[Event "European Individual Championship (Women)"]
[Site "Mamaia ROU"]
[Date "2016.06.05"]
[EventDate "2016.05.27"]
[Round "9.20"]
[Result "0-1"]
[White "Elena Luminita Radu Cosma"]
[Black "Jovanka Houska"]
[WhiteElo "2333"]
[BlackElo "2383"]
[PlyCount "204"]

1. d4 d5 2. Nf3 Nf6 3. c4 e6 4. g3 Bb4+ 5. Nbd2 dxc4 6. a3
Bxd2+ 7. Bxd2 a6 8. Bg2 O-O 9. O-O b5 10. Ne5 Nd5 11. e4 Ne7
12. Bb4 Bb7 13. Qg4 Nd7 14. Nxd7 Qxd7 15. d5 Rfe8 16. Bc3 Ng6
17. h4 Qd6 18. f4 exd5 19. exd5 f6 20. Kh2 Rad8 21. Rad1 Ne7
22. Bb4 Qd7 23. Qxd7 Rxd7 24. Rfe1 Kf7 25. d6 cxd6 26. Bxb7
Rxb7 27. Rxd6 Nf5 28. Rxe8 Nxd6 29. Ra8 Ne4 30. f5 g6
31. fxg6+ Kxg6 32. Kg2 Kf5 33. Kf3 Rg7 34. Be1 Nc5 35. Bf2 Nd3
36. Rxa6 Nxf2 37. Kxf2 Rd7 38. a4 Rd2+ 39. Ke3 Rd3+ 40. Kf2
Rb3 41. Ra5 Rxb2+ 42. Kf3 Rb3+ 43. Kf2 Kg4 44. Rxb5 Rf3+
45. Ke2 Rxg3 46. Rb7 Ra3 47. Rxh7 Rxa4 48. h5 Kf4 49. Rf7 f5
50. h6 Ra2+ 51. Kf1 Ke4 52. h7 Rh2 53. Rc7 Kd3 54. Kg1 Rh4
55. Kf2 f4 56. Kf3 c3 57. Rd7+ Kc2 58. Rc7 Kb2 59. Ke4 c2
60. Rb7+ Kc3 61. Rc7+ Kd2 62. Rd7+ Ke2 63. Rc7 f3+ 64. Kf5 Kd2
65. Rd7+ Ke1 66. Re7+ Kf1 67. Rc7 Rxh7 68. Rxh7 f2 69. Rc7 Ke1
70. Rxc2 f1=Q+ 71. Ke4 Kd1 72. Rc3 Kd2 73. Rf3 Qh1 74. Kf4 Ke2
75. Re3+ Kf2 76. Re4 Qh5 77. Re6 Qf7+ 78. Ke5 Ke3 79. Kd5+ Kd3
80. Ke5 Ke3 81. Kd5+ Kf4 82. Kd6 Kf5 83. Re5+ Kf6 84. Re4 Qf8+
85. Kd5 Qd8+ 86. Kc4 Kf5 87. Rd4 Qb6 88. Kc3 Ke5 89. Rd2 Qb5
90. Rd3 Qc5+ 91. Kb3 Ke4 92. Rc3 Qb5+ 93. Ka2 Kd4 94. Rb3 Qa5+
95. Kb1 Kc4 96. Rb2 Qa4 97. Ra2 Qd1+ 98. Kb2 Kb4 99. Ra8 Qd4+
100. Kc1 Qe3+ 101. Kb2 Qe2+ 102. Kc1 Qf1+ 0-1

[Event "European Individual Championship (Women)"]
[Site "Mamaia ROU"]
[Date "2016.06.05"]
[EventDate "2016.05.27"]
[Round "9.42"]
[Result "0-1"]
[White "Nurgyul Salimova"]
[Black "Keti Tsatsalashvili"]
[WhiteElo "2160"]
[BlackElo "2278"]
[PlyCount "168"]

1. d4 d5 2. c4 e6 3. Nc3 Bb4 4. Nf3 Nf6 5. Bg5 h6 6. Bxf6 Qxf6
7. Qa4+ Nc6 8. e3 O-O 9. Be2 Rd8 10. O-O a6 11. Rac1 dxc4
12. Bxc4 Bd7 13. Qc2 Bd6 14. Rfd1 Nb4 15. Qe2 Qg6 16. a3 Nc6
17. Bd3 Qh5 18. Ne4 Ne7 19. Ng3 Qa5 20. e4 Bxg3 21. hxg3 Bb5
22. Bxb5 axb5 23. Qc2 c6 24. Qc5 Re8 25. g4 Ng6 26. g5 h5
27. g3 Qa4 28. Qc2 Qxc2 29. Rxc2 Ne7 30. Kg2 Rad8 31. Rh1 g6
32. Rh4 Kg7 33. Rc1 Rh8 34. Rch1 Nc8 35. Rf4 Rhf8 36. g4 hxg4
37. Rxg4 Rh8 38. Rxh8 Rxh8 39. Ne5 Nd6 40. f3 Nc4 41. Nxc4
bxc4 42. e5 b5 43. Kf2 Kf8 44. Rg2 Ke7 45. Ke3 Rh1 46. Kd2 Rf1
47. Ke2 Rb1 48. Ke3 Rd1 49. Rd2 Re1+ 50. Re2 Ra1 51. Rc2 Kd7
52. Rh2 Ra2 53. Rc2 Ra1 54. Rh2 Re1+ 55. Kd2 Rg1 56. f4 Rg4
57. Ke3 Rg3+ 58. Ke4 Rb3 59. Rc2 Rh3 60. a4 Rh1 61. axb5 cxb5
62. Re2 Kc6 63. Re3 b4 64. Re2 b3 65. Rd2 Re1+ 66. Kf3 Rf1+
67. Ke4 Rh1 68. Re2 Kb5 69. d5 exd5+ 70. Kxd5 Rd1+ 71. Ke4 c3
72. bxc3 Kc4 73. e6 fxe6 74. Ke5 Kxc3 75. Kxe6 Ra1 76. f5 Ra6+
77. Ke5 Ra5+ 78. Kf6 gxf5 79. g6 f4 80. g7 Ra8 81. Kf7 b2
82. Re8 Rxe8 83. Kxe8 b1=Q 84. g8=Q Qb8+ 0-1

[Event "European Individual Championship (Women)"]
[Site "Mamaia ROU"]
[Date "2016.06.05"]
[EventDate "2016.05.27"]
[Round "9.46"]
[Result "1/2-1/2"]
[White "Anastasia Sazonova"]
[Black "Lanita Stetsko"]
[WhiteElo "2085"]
[BlackElo "2220"]
[PlyCount "201"]

1. d4 Nf6 2. c4 e6 3. Nf3 d5 4. Nc3 Bb4 5. Qb3 c5 6. dxc5 Na6
7. a3 Bxc3+ 8. Qxc3 Nxc5 9. cxd5 Qxd5 10. Be3 Nce4 11. Qe5
Qxe5 12. Nxe5 Nd5 13. Bc1 Nc5 14. Rb1 f6 15. Nc4 Ke7 16. f3 e5
17. e4 Nf4 18. Be3 Ncd3+ 19. Bxd3 Nxd3+ 20. Ke2 Nf4+ 21. Kf2
Nd3+ 22. Ke2 Nf4+ 23. Kf2 Be6 24. b3 b5 25. Na5 Rac8 26. Rhd1
Rc2+ 27. Rd2 Rhc8 28. g3 Nd3+ 29. Ke2 Nc1+ 30. Kd1 R2c3
31. Bxa7 Nxb3 32. Nxb3 Bxb3+ 33. Ke2 Bc4+ 34. Kf2 Rxa3 35. Be3
Ke6 36. Rbd1 Ra2 37. Rb1 Rca8 38. Rbb2 Rxb2 39. Rxb2 Ra1
40. Bc5 Rf1+ 41. Ke3 Re1+ 42. Kf2 Rd1 43. g4 g6 44. Bb4 h5
45. gxh5 gxh5 46. Kg3 Rg1+ 47. Kh4 Rf1 48. Kg3 f5 49. Rd2 fxe4
50. fxe4 Rf4 51. Rd6+ Kf7 52. Rd7+ Kf6 53. Rd6+ Be6 54. Rb6
h4+ 55. Kg2 h3+ 56. Kg3 Rxe4 57. Rxb5 Re3+ 58. Kf2 Rb3 59. Rb7
Rb2+ 60. Kg3 Rg2+ 61. Kh4 Rxh2 62. Be7+ Kf5 63. Kg3 Rh1
64. Rb5 Bd7 65. Ra5 Ke6 66. Bb4 Rb1 67. Bc3 Bb5 68. Kxh3 Rb3
69. Kh2 Kd5 70. Be1 e4 71. Ra7 Rb1 72. Bg3 e3 73. Re7 Kd4
74. Kh3 e2 75. Kg4 Bd3 76. Bf2+ Kc3 77. Kg3 Kd2 78. Re8 Rb7
79. Kh4 Rg7 80. Re5 Rg2 81. Bg3 Kc3 82. Kh3 Rg1 83. Bf2 Rg6
84. Rc5+ Bc4 85. Re5 Kd3 86. Re3+ Kd2 87. Re5 Be6+ 88. Kh2 Kd1
89. Bg3 Rf6 90. Kg2 Bc4 91. Kh2 Rf1 92. Kg2 Kd2 93. Bf2 Bd3
94. Kg3 Ra1 95. Re7 Ra4 96. Kf3 Rc4 97. Re5 Kd1 98. Re7 Bf5
99. Re5 Bd3 100. Re7 Be4+ 101. Rxe4 1/2-1/2

[Event "European Individual Championship (Women)"]
[Site "Mamaia ROU"]
[Date "2016.06.06"]
[EventDate "2016.05.27"]
[Round "10.14"]
[Result "0-1"]
[White "Iulija Osmak"]
[Black "Ekaterina Polovnikova-Atalik"]
[WhiteElo "2345"]
[BlackElo "2408"]
[PlyCount "174"]

1. e4 c6 2. d4 d5 3. e5 c5 4. dxc5 Nc6 5. Nf3 Bg4 6. c3 e6
7. b4 a6 8. Nbd2 g6 9. Be2 Bg7 10. O-O h5 11. h3 Bf5 12. Nb3
Nxe5 13. Nbd4 Ne7 14. Re1 Qc7 15. Nxe5 Bxe5 16. Bf3 Bf6
17. Be3 Kf8 18. Qc1 Kg7 19. c4 Rad8 20. cxd5 Nxd5 21. Nxf5+
exf5 22. Bxd5 Rxd5 23. Rb1 Rhd8 24. a4 R8d7 25. Bf4 Qc6
26. Bd6 Qxa4 27. Qe3 R7xd6 28. cxd6 Rxd6 29. Qf3 Rb6 30. Qb3
Qxb3 31. Rxb3 Rb5 32. Reb1 g5 33. Kf1 Kg6 34. Ke2 g4 35. Kd3
Kg5 36. Kc4 Re5 37. Re3 b5+ 38. Kd3 Rd5+ 39. Ke2 f4 40. Ra3
Rd6 41. hxg4 hxg4 42. Rd1 Re6+ 43. Kf1 Be7 44. Rd4 Rc6 45. Ra1
f5 46. Re1 Bf6 47. Rd7 f3 48. gxf3 gxf3 49. Rd3 Bc3 50. Rc1
Rh6 51. Kg1 Bxb4 52. Rxf3 Bd6 53. Rd1 Kg4 54. Rfd3 Be5 55. Rd5
Bc3 56. R1d3 b4 57. Kg2 Rf6 58. Rf3 f4 59. Ra5 Rh6 60. Rxc3
bxc3 61. f3+ Kh4 62. Rc5 Rb6 63. Rxc3 Rb2+ 64. Kf1 Kg3 65. Ra3
Rb1+ 66. Ke2 Rb6 67. Kf1 Re6 68. Ra5 Kxf3 69. Ra3+ Ke4
70. Ra4+ Ke3 71. Ra3+ Kd2 72. Ra4 Rf6 73. Kf2 f3 74. Ra5 Kc3
75. Ra1 Kb4 76. Rb1+ Kc5 77. Ra1 Kb6 78. Rb1+ Ka7 79. Ra1 Rf5
80. Rb1 a5 81. Ra1 Ka6 82. Ra2 Kb5 83. Rb2+ Kc4 84. Ra2 Kb3
85. Rd2 a4 86. Rd8 a3 87. Ra8 Rf4 0-1

[Event "European Individual Championship (Women)"]
[Site "Mamaia ROU"]
[Date "2016.06.06"]
[EventDate "2016.05.27"]
[Round "10.32"]
[Result "1/2-1/2"]
[White "Elena Tomilova"]
[Black "Zeinab Mamedjarova"]
[WhiteElo "2305"]
[BlackElo "2236"]
[PlyCount "169"]

1. e4 e5 2. Bc4 Nf6 3. d3 Nc6 4. Nc3 Na5 5. Qf3 Nxc4 6. dxc4
d6 7. h3 Be6 8. b3 c6 9. Bg5 h6 10. Bh4 Be7 11. Nge2 Qa5
12. Bxf6 gxf6 13. O-O O-O-O 14. Ng3 Rd7 15. Rfd1 h5 16. Rd3 a6
17. Rad1 Qa3 18. Nxh5 Rdd8 19. Nxf6 Rh6 20. Ng4 Rh4 21. Ne3
Rf4 22. Qe2 Rg8 23. Nf1 Qa5 24. Qe3 Bh4 25. Ng3 Be7 26. Qa7
Kc7 27. Na4 Rh4 28. Nf5 Bxf5 29. exf5 e4 30. Rg3 Rhh8 31. Qe3
Qxf5 32. Rxg8 Rxg8 33. Rd4 d5 34. cxd5 cxd5 35. c4 Qg6 36. g4
f5 37. Rxd5 fxg4 38. Qf4+ Kc6 39. h4 g3 40. fxg3 Qxg3+
41. Qxg3 Rxg3+ 42. Kh2 Rd3 43. Rxd3 exd3 44. Nb2 d2 45. Kg3
Kc5 46. Kf3 Kd4 47. Ke2 Kc3 48. Nd1+ Kc2 49. h5 Bg5 50. b4 Bh6
51. c5 Bf8 52. Ne3+ Kc3 53. Nd1+ Kxb4 54. Kxd2 Ka3 55. Nc3
Bxc5 56. h6 Bd4 57. Kc2 b5 58. h7 Bg7 59. Nd5 a5 60. Kb1 a4
61. Ne3 Kb4 62. Nf5 Bf6 63. Nd6 Bg7 64. Nf7 Ka3 65. Nd6 Kb4
66. Nf5 Bh8 67. Ne3 Bg7 68. Nd5+ Kc4 69. Ne3+ Kb4 70. Nf5 Bh8
71. Nd6 Bg7 72. Kc2 Ka3 73. Kb1 Kb4 74. Nf5 Bh8 75. Ne7 Bg7
76. Nc6+ Ka3 77. Na7 Kb4 78. Nc6+ Ka3 79. Ne7 b4 80. Nf5 Bh8
81. Nd6 b3 82. axb3 Kxb3 83. Nf7 Bg7 84. h8=Q Bxh8 85. Nxh8
1/2-1/2

[Event "European Individual Championship (Women)"]
[Site "Mamaia ROU"]
[Date "2016.06.06"]
[EventDate "2016.05.27"]
[Round "10.41"]
[Result "1-0"]
[White "Alina Balaian"]
[Black "Sopio Gvetadze"]
[WhiteElo "2230"]
[BlackElo "2311"]
[PlyCount "183"]

1. e4 g6 2. d4 Bg7 3. Nc3 d6 4. f4 c6 5. Nf3 Nf6 6. Bd3 O-O
7. O-O b5 8. e5 Ng4 9. h3 Nh6 10. Be3 f6 11. Qe1 Na6 12. a3
Nc7 13. Rd1 a5 14. Bf2 b4 15. axb4 axb4 16. Ne2 Nd5 17. c4
bxc3 18. bxc3 fxe5 19. fxe5 Rxf3 20. gxf3 Bxh3 21. c4 Bxf1
22. Kxf1 Nc7 23. Nf4 d5 24. Qd2 Qd7 25. Kg2 Ne6 26. Nxe6 Qxe6
27. c5 Rf8 28. Qg5 Qf7 29. Qg3 Nf5 30. Qh3 Ra8 31. Rd2 h6
32. Rb2 Kh7 33. Rb6 Qe6 34. Qh1 Ra2 35. Bxf5 gxf5 36. Qh5 Ra8
37. Be3 Rc8 38. Rb7 Rg8 39. Kf2 Bf8 40. Rc7 Qg6 41. Qxg6+ Rxg6
42. Bf4 Re6 43. Bg3 Kg6 44. Ke3 h5 45. Bh4 Bh6+ 46. f4 Kf7
47. Bg5 Bf8 48. Kf3 Rg6 49. Kg3 Re6 50. Kh4 Kg6 51. Rb7 Kf7
52. Kxh5 Ke8 53. Rb8+ Kf7 54. Rc8 Bg7 55. Rd8 Bf8 56. Kh4 Rg6
57. Rc8 Re6 58. Kg3 Rg6 59. Rc7 Re6 60. Kf3 Ke8 61. Rb7 Kf7
62. Ke3 Bg7 63. Rb1 Rg6 64. Rh1 Ke6 65. Kd3 Kd7 66. Kc3 Bf8
67. Rh8 Ke8 68. Kb4 Kf7 69. Ka5 Ke8 70. Kb6 Kf7 71. Kc7 Ke8
72. Kc8 Re6 73. Rh7 Rg6 74. Kc7 Re6 75. Rh1 Rg6 76. Rh5 Bg7
77. Bh4 Bh6 78. Rxf5 Rg4 79. Rh5 Bxf4 80. Kxc6 Be3 81. Kxd5
Rxd4+ 82. Ke6 Kd8 83. Bxe7+ Kc7 84. Bd6+ Kc6 85. Rh7 Rc4
86. Rc7+ Kb5 87. Kd7 Rh4 88. Rb7+ Ka6 89. Rb3 Bf2 90. e6 Rh7+
91. e7 Ka5 92. c6 1-0

[Event "European Individual Championship (Women)"]
[Site "Mamaia ROU"]
[Date "2016.06.07"]
[EventDate "2016.05.27"]
[Round "11.51"]
[Result "0-1"]
[White "Regina R Narva"]
[Black "Aureliana-Eugenia Pancu"]
[WhiteElo "2019"]
[BlackElo "1841"]
[PlyCount "64"]

1. e4 e6 2. d4 d5 3. Nc3 Bb4 4. exd5 exd5 5. Bd3 Nf6 6. Bg5
O-O 7. Ne2 Re8 8. O-O c6 9. Ng3 h6 10. Bd2 Bd6 11. Nf5 Bxf5
12. Bxf5 Nbd7 13. Qf3 Qc7 14. Qh3 Nf8 15. Rae1 Bf4 16. Be3
Bxe3 17. fxe3 Ne6 18. Bd3 Ng5 19. Qh4 Re6 20. Rf4 Rae8 21. Qf2
Qe7 22. h4 Nge4 23. Nxe4 Nxe4 24. Bxe4 Rxe4 25. Rxe4 Qxe4
26. c3 Re6 27. Re2 Rf6 28. Qg3 Qb1+ 29. Kh2 Rf1 30. Qb8+ Kh7
31. Kg3 Qg6+ 32. Kh2 Qg4 0-1

[Event "European Individual Championship (Women)"]
[Site "Mamaia ROU"]
[Date "2016.06.07"]
[EventDate "2016.05.27"]
[Round "11.36"]
[Result "0-1"]
[White "Svetlana Petrenko"]
[Black "Ulviyya Hasil Fataliyeva"]
[WhiteElo "2182"]
[BlackElo "2301"]
[PlyCount "91"]

1. Nf3 e6 2. d4 Nf6 3. g3 d5 4. Bg2 c5 5. e3 Nc6 6. O-O Be7
7. b3 O-O 8. Bb2 b6 9. c4 Bb7 10. Ne5 Rc8 11. Nxc6 Bxc6
12. Nd2 cxd4 13. exd4 Qc7 14. a3 Qb7 15. Qe2 Rfd8 16. f4 dxc4
17. Bxc6 Qxc6 18. bxc4 Ne8 19. f5 Bf6 20. fxe6 Qxe6 21. Qd3
Qd7 22. Nb3 a5 23. a4 Rc7 24. Rf5 Qe6 25. c5 bxc5 26. Rxc5
Rxc5 27. Nxc5 Qb6 28. Qb5 Qa7 29. Re1 Nd6 30. Qc6 h5 31. Bc3
h4 32. g4 h3 33. Qf3 Rc8 34. Ba1 Qb6 35. Qxh3 Qb4 36. Rd1 Rxc5
37. dxc5 Qxc5+ 38. Kf1 Bxa1 39. Rxa1 Qc4+ 40. Ke1 Qe4+ 41. Kd2
Qd4+ 42. Qd3 Nc4+ 43. Ke2 Qb2+ 44. Kf1 Qxa1+ 45. Kg2 Qd4
46. Qd1 0-1

[Event "European Individual Championship (Women)"]
[Site "Mamaia ROU"]
[Date "2016.06.07"]
[EventDate "2016.05.27"]
[Round "11.47"]
[Result "1-0"]
[White "Tereza Olsarova"]
[Black "Paula-Alexandra Gitu"]
[WhiteElo "2263"]
[BlackElo "1949"]
[PlyCount "87"]

1. e4 d6 2. d4 Nf6 3. Nc3 e5 4. dxe5 dxe5 5. Qxd8+ Kxd8 6. Bg5
Be6 7. O-O-O+ Nd7 8. f4 h6 9. Bxf6+ gxf6 10. f5 Bc5 11. fxe6
fxe6 12. Bc4 Ke7 13. Nf3 Rhg8 14. g3 a6 15. a3 Bd6 16. Rhf1
Rg4 17. Be2 Rgg8 18. Nh4 Rg5 19. g4 Rf8 20. Rd3 Rfg8 21. Rh3
Nf8 22. Nd1 Nd7 23. Ne3 Bc5 24. Nhg2 R5g6 25. Bc4 Rd8 26. Rhf3
Rg5 27. Kb1 Rg7 28. h3 Rf7 29. Nh4 Rg7 30. Nhf5+ exf5
31. Nxf5+ Kf8 32. Nxg7 Kxg7 33. h4 Nb6 34. Be6 Rf8 35. g5 Be7
36. Rf5 Na4 37. gxf6+ Rxf6 38. Rg1+ Kh8 39. Rg8+ Kh7 40. Re8
Rxe6 41. Rf7+ Kg6 42. Rfxe7 Rxe7 43. Rxe7 Nc5 44. Rxe5 1-0

[Event "European Individual Championship (Women)"]
[Site "Mamaia ROU"]
[Date "2016.06.07"]
[EventDate "2016.05.27"]
[Round "11.40"]
[Result "1/2-1/2"]
[White "Irina Utiatskaja"]
[Black "Evgeniya Doluhanova"]
[WhiteElo "2181"]
[BlackElo "2262"]
[PlyCount "96"]

1. d4 d5 2. c4 e6 3. Nf3 Nf6 4. g3 Bb4+ 5. Bd2 Bd6 6. Bg2 c6
7. O-O O-O 8. Qc2 Nbd7 9. Bg5 h6 10. Bxf6 Nxf6 11. Nbd2 b6
12. e4 dxe4 13. Nxe4 Nxe4 14. Qxe4 Ba6 15. Ne5 Qc7 16. Rfe1 c5
17. dxc5 Bxc5 18. a3 Rad8 19. b4 Bd4 20. Rac1 Bb2 21. Rc2 Bxe5
22. Qxe5 Qxe5 23. Rxe5 Rd1+ 24. Bf1 Rfd8 25. f4 Ra1 26. Kf2
Rxa3 27. Bg2 Rb3 28. b5 Bc8 29. Bc6 a6 30. Ra2 axb5 31. cxb5
Kf8 32. Re3 Rxe3 33. Kxe3 Bd7 34. Ra6 Bxc6 35. bxc6 b5 36. Rb6
Ke7 37. Rxb5 Kd6 38. Rb7 Rf8 39. Ke4 Kxc6 40. Ra7 Kd6 41. f5
h5 42. h4 Rc8 43. Rxf7 Rc4+ 44. Kf3 Rc3+ 45. Kg2 Rc2+ 46. Kf3
Rc3+ 47. Kg2 Rc2+ 48. Kf3 Ke5 1/2-1/2

[Event "European Individual Championship (Women)"]
[Site "Mamaia ROU"]
[Date "2016.06.07"]
[EventDate "2016.05.27"]
[Round "11.16"]
[Result "1-0"]
[White "Ketevan Arakhamia-Grant"]
[Black "Aydan Hojjatova"]
[WhiteElo "2364"]
[BlackElo "2300"]
[PlyCount "185"]

1. e4 e6 2. d4 d5 3. Nc3 Bb4 4. e5 c5 5. a3 Bxc3+ 6. bxc3 Qa5
7. Bd2 Qa4 8. Qg4 Kf8 9. Qd1 b6 10. Nf3 Ba6 11. Bxa6 Nxa6
12. O-O c4 13. Nh4 Ne7 14. g4 Ng6 15. Ng2 Ne7 16. f4 g6
17. Ne3 Ke8 18. f5 Nc7 19. fxe6 fxe6 20. Qf3 Kd7 21. Qf4 Rag8
22. Qh6 Ke8 23. Rf6 Nc6 24. Qf4 Nd8 25. Be1 Kd7 26. Qf3 Kc8
27. Qe2 Ne8 28. Rf1 Rf8 29. Bh4 Kd7 30. Bg5 Nf7 31. Bh4 g5
32. Bg3 Nd8 33. Rf2 Ke7 34. h4 Rxf2 35. Bxf2 h6 36. Qd2 Nf7
37. h5 Rf8 38. Bg3 Nd8 39. Kg2 Nc7 40. Qc1 Rf7 41. Qd2 Rf8
42. Nf1 Nf7 43. Nh2 Nb5 44. Nf3 Kd7 45. Bf2 Rg8 46. Ng1 Rf8
47. Be3 Ke7 48. Ne2 Kd7 49. Qc1 Nc7 50. Kg3 Ke7 51. Rb1 Na6
52. Ng1 Kd7 53. Nf3 Rg8 54. Qb2 Nc7 55. Rf1 Ke7 56. Ng1 Nb5
57. Ne2 Rf8 58. Rb1 Nc7 59. Qc1 Na6 60. Qb2 Nc7 61. Qb4+ Qxb4
62. cxb4 b5 63. a4 a6 64. Ra1 Rb8 65. Nc3 Kd7 66. Rf1 Ke7
67. Bc1 Rb7 68. Rf6 Ke8 69. Bd2 Rb8 70. Rg6 Kf8 71. Kf3 Rb7
72. Ke2 Rb8 73. Kf2 Rb7 74. Kg3 Rb8 75. a5 Rb7 76. Ne2 Rb8
77. Ng1 Re8 78. Nf3 Re7 79. c3 Ne8 80. Bc1 Nc7 81. Ne1 Ne8
82. Ng2 Ng7 83. Ne3 Ra7 84. Kf3 Ra8 85. Nxd5 exd5 86. e6 Nxe6
87. Rxe6 Kg7 88. Be3 Ra7 89. Bf2 Kf8 90. Bg3 Ra8 91. Bc7 Ra7
92. Bb6 Rd7 93. Bc5+ 1-0

[Event "European Individual Championship (Women)"]
[Site "Mamaia ROU"]
[Date "2016.06.07"]
[EventDate "2016.05.27"]
[Round "11.17"]
[Result "1-0"]
[White "Irina Bulmaga"]
[Black "Anita Gara"]
[WhiteElo "2360"]
[BlackElo "2345"]
[PlyCount "165"]

1. e4 c5 2. Be2 Nc6 3. f4 g6 4. Nf3 Bg7 5. O-O d6 6. c3 Nf6
7. d3 O-O 8. Kh1 Rb8 9. Be3 b5 10. Nbd2 b4 11. d4 bxc3
12. bxc3 Qa5 13. Qc1 cxd4 14. cxd4 Bd7 15. a3 Ng4 16. Bg1 Rfc8
17. Qe1 Qc3 18. Nc4 Qxe1 19. Raxe1 Nd8 20. d5 Rc7 21. Nfd2 Nf6
22. Rb1 Rbc8 23. Ne3 Ne8 24. Ba6 Ra8 25. Nec4 Bc8 26. Bb5 Nf6
27. Na5 Bd7 28. Bc4 Ba4 29. Rfc1 Rac8 30. Rb4 Be8 31. Rcb1 Nd7
32. Ba6 Ra8 33. Rc4 Nc5 34. Bxc5 dxc5 35. e5 f6 36. e6 f5
37. Nf3 g5 38. Nxg5 Bh5 39. Nf3 Bxf3 40. gxf3 Bd4 41. Kg2 Kg7
42. Kf1 Kf6 43. Ke2 Nxe6 44. dxe6 Rg8 45. Kd3 Rd8 46. Rb7 Rxb7
47. Nxb7 Rd5 48. Ke2 Kxe6 49. Ra4 Rd7 50. Bc4+ Kf6 51. Ra6+
Kg7 52. Na5 Bc3 53. Nb3 e5 54. fxe5 Bxe5 55. Nxc5 Rd6
56. Rxa7+ Kg6 57. Ne6 Bxh2 58. Nf8+ Kg5 59. Rxh7 Be5 60. Rd7
Rh6 61. Ne6+ Kf6 62. Ke3 Rh4 63. Bb3 Rh2 64. Nf8 Bb2 65. Rf7+
Ke5 66. Ng6+ Kd6 67. a4 Rg2 68. Ne7 f4+ 69. Kxf4 Be5+ 70. Kf5
Bc3 71. Nc8+ Kc5 72. Rc7+ Kb4 73. Rb7+ Ka3 74. Bd1 Bb4 75. Nb6
Bc3 76. Nc4+ Ka2 77. Bb3+ Ka1 78. Rd7 Rg1 79. Rd1+ Rxd1
80. Bxd1 Kb1 81. a5 Kc1 82. Ba4 Bd4 83. a6 1-0